000 01146nab a22002777a 4500
999 _c6380
_d6380
003 OSt
005 20260201153201.0
008 190506c xxu||||| |||| 00| 0 spa d
040 _cPJ
100 _97023
_aPérez Talamonti, Silvana
245 1 0 _aPerspectiva de género en el derecho del trabajo y de la seguridad social /
_cSilvana Pérez Talamonti.
260 _aBuenos Aires :
_bAbeledoPerrot,
_c2023.
300 _ap. 3-13
500 _aCita: TR LALEY AR/DOC/1570/2023
505 _aSumario: I. Introducción.— II. Del dicho al hecho a hay mucho trecho.— III. Conclusiones.— IV. Bibliografía.
505 _t¿Te interesa el texto completo? Comunicate al correo: koha@justierradelfuego.gov.ar
650 0 _91316
_aDERECHO LABORAL
650 0 _94044
_aPERSPECTIVA DE GÉNERO
650 0 _91323
_aCONTRATO DE TRABAJO
650 0 _91533
_aDESPIDO
650 0 _91803
_aRELACIONES LABORALES
650 0 _91577
_aDISCRIMINACION LABORAL
650 0 _93053
_aVIOLENCIA DE GÉNERO
773 0 _02751
_93202
_dBuenos Aires : AbeledoPerrot, 2013-
_tRevista de derecho laboral y seguridad social. Nº 16 - Agosto 2023
942 _2udc
_cANA